Coloquios sobre arte contemporáneo

Furkejuvvon:
Bibliográfalaš dieđut
Váldodahkki: Torrente Ballester, Gonzalo (Dahkki)
Materiálatiipa: Girji
Giella:espánnjágiella
Almmustuhtton: Madrid Guadarrama 1958
Ráidu:Colección Guadarrama de Crítica y Ensayo, 14
Fáttát:
Fáddágilkorat: Lasit fáddágilkoriid
Eai fáddágilkorat, Lasit vuosttaš fáddágilkora!

MARC

LEADER 00000nam a2200000 a 4500
001 UCP9827
003 CL-VaPUC
005 20230307114914.0
008 000407e19580000SP |||||||||||||||||spa|d
999 |c 286609  |d 286607 
040 |c Pontificia Universidad Católica de Valparaíso 
082 0 4 |a 709.04  |b TOR  |2 21 
100 0 |a Torrente Ballester, Gonzalo  |e author  |9 322592 
245 1 0 |a Coloquios sobre arte contemporáneo 
260 |a Madrid  |b Guadarrama  |c 1958 
300 |a 427 p 
490 0 |a Colección Guadarrama de Crítica y Ensayo, 14 
583 |a last modification  |c 20000407 00:00:00  |k Rodrigo Vera 
600 0 7 |a CASSOU, JEAN  |2 CL-VaPUC  |9 341156 
600 0 7 |a ANSERMET, ERNEST  |2 CL-VaPUC  |9 440683 
600 0 |a Maulnier, Thierry,  |d 1909-1988  |9 440684 
600 0 7 |a FOUCHET, MAX POL  |2 CL-VaPUC  |9 332514 
600 0 7 |a PORTMANN, ADOLPHE  |2 CL-VaPUC  |9 440685 
600 0 7 |a VITTORINI, ELIO  |2 CL-VaPUC  |9 440686 
600 0 7 |a MORGAN, CHARLES  |2 CL-VaPUC  |9 440687 
600 0 |a Marcel, Gabriel  |d 1889-1973  |9 862359 
650 0 |a Arte contemporáneo  |9 338008 
650 0 |a Arte y sociedad   |9 306277 
942 |c BK  |2 ddc 
945 |d 20000407 00:00:00  |a crobeson 
952 |0 0  |1 0  |4 0  |6 709_040000000000000_TOR_1958  |7 0  |8 A  |9 332639  |a BIBHIS  |b BIBHIS  |d 2019-11-20  |i 1398385  |o 709.04 TOR 1958  |p 1398385  |r 2025-01-20  |w 2019-11-20  |y BK  |k HIS